Gaming Quiz

Random Gaming or Clickable Quiz

Monopoly Color Match Quiz Stats

Quiz Updated Jan 8, 2013

Challenge
Share
Tweet
Embed
Score 0/22 Timer 03:00
10 Plays Today
% Correct
Dark Blue
89.7%
Dark Blue
87.8%
Red
74.9%
Yellow
72.2%
Red
71.5%
Light Blue
71.4%
Red
71.4%
Dark Purple
71.1%
Light Blue
70.5%
Green
69.1%
Green
68.2%
% Correct
Orange
68%
Orange
67.1%
Green
66.5%
Dark Purple
64.3%
Yellow
63.9%
Orange
63.8%
Light Blue
62.9%
Yellow
57.1%
Light Purple
54.4%
Light Purple
51.8%
Light Purple
50.7%

You're not logged in!

Compare scores with friends on all Sporcle quizzes.
Sign Up with Email
OR
Log In

You Might Also Like...

Show Comments

Extras

Top Quizzes Today


Score Distribution

Your Account Isn't Verified!

In order to create a playlist on Sporcle, you need to verify the email address you used during registration. Go to your Sporcle Settings to finish the process.

Report this User

Report this user for behavior that violates our Community Guidelines.

Details: